[Event "Moscow Open 2018 F"]
[Site "?"]
[Date "2018.01.28"]
[Round "3.1"]
[White "Shapkin, Anatoliy"]
[Black "Paravyan, David"]
[Result "0-1"]
[BlackElo "2603"]
[WhiteElo "2278"]
[LiveChessVersion "1.4.8"]

1. d4 {[%clk 1:20:18]} Nf6 {[%clk 1:29:18]} 2. c4 {[%clk 1:20:41]} b6
{[%clk 1:27:04]} 3. Nc3 {[%clk 1:19:45]} Bb7 {[%clk 1:27:30]} 4. Qc2
{[%clk 1:19:36]} d6 {[%clk 1:26:57]} 5. e4 {[%clk 1:19:17]} e5 {[%clk 1:27:23]}
6. d5 {[%clk 1:19:06]} a5 {[%clk 1:26:55]} 7. Nf3 {[%clk 1:18:54]} Be7
{[%clk 1:25:00]} 8. Be2 {[%clk 1:18:25]} O-O {[%clk 1:24:37]} 9. O-O
{[%clk 1:17:56]} Nfd7 {[%clk 1:23:55]} 10. a3 {[%clk 1:17:20]} Nc5
{[%clk 1:09:12]} 11. Be3 {[%clk 1:16:13]} Nba6 {[%clk 1:09:32]} 12. Rab1
{[%clk 1:15:44]} f5 {[%clk 1:07:12]} 13. exf5 {[%clk 1:12:03]} Bc8
{[%clk 1:07:40]} 14. g4 {[%clk 1:12:02]} a4 {[%clk 0:58:48]} 15. Nxa4
{[%clk 1:12:05]} Nxa4 {[%clk 0:59:02]} 16. Qxa4 {[%clk 1:12:27]} g6
{[%clk 0:40:41]} 17. fxg6 {[%clk 1:05:38]} Bxg4 {[%clk 0:36:18]} 18. gxh7+
{[%clk 1:04:09]} Kh8 {[%clk 0:33:51]} 19. Kh1 {[%clk 0:56:16]} Qc8
{[%clk 0:22:46]} 20. Qd1 {[%clk 0:54:53]} Bf5 {[%clk 0:20:23]} 21. Bd3
{[%clk 0:53:13]} Bxd3 {[%clk 0:20:11]} 22. Qxd3 {[%clk 0:53:33]} Rxf3
{[%clk 0:20:38]} 23. Rg1 {[%clk 0:52:02]} Qf5 {[%clk 0:18:40]} 24. Qxf5
{[%clk 0:52:26]} Rxf5 {[%clk 0:19:08]} 25. Rg4 {[%clk 0:49:29]} Rh5
{[%clk 0:17:48]} 26. Rbg1 {[%clk 0:48:56]} Rxh7 {[%clk 0:18:00]} 27. Rg6
{[%clk 0:49:00]} Nc5 {[%clk 0:18:55]} 28. Bh6 {[%clk 0:47:59]} Nd3
{[%clk 0:18:14]} 29. R1g3 {[%clk 0:45:53]} Nxf2+ {[%clk 0:08:15]} 30. Kg1
{[%clk 0:45:03]} Bh4 {[%clk 0:08:09]} 31. Kxf2 {[%clk 0:43:26]} Bxg3+
{[%clk 0:08:10]} 32. hxg3 {[%clk 0:43:35]} Rf7+ {[%clk 0:08:32]} 33. Kg2
{[%clk 0:41:32]} Kh7 {[%clk 0:08:58]} 34. Re6 {[%clk 0:41:46]} Ra4
{[%clk 0:09:25]} 35. g4 {[%clk 0:41:09]} Rxc4 {[%clk 0:09:46]} 36. g5
{[%clk 0:41:30]} Rff4 {[%clk 0:08:11]} 37. Kg3 {[%clk 0:37:07]} Rc5
{[%clk 0:08:35]} 38. Re7+ {[%clk 0:33:16]} Kg6 {[%clk 0:09:02]} 39. Rg7+
{[%clk 1:01:30]} Kh5 {[%clk 0:09:30]} 40. Rh7 {[%clk 0:30:48]} Rxd5
{[%clk 0:09:46]} 41. Rxc7 {[%clk 0:29:42]} Rd3+ {[%clk 0:10:10]} 42. Kg2
{[%clk 0:30:03]} Rd2+ {[%clk 0:10:36]} 43. Kg3 {[%clk 0:30:23]} Rfd4
{[%clk 0:09:54]} 0-1

[Event "Moscow Open 2018 F"]
[Site "?"]
[Date "2018.01.28"]
[Round "3.2"]
[White "Aleksandrovskiy, Dmitriy"]
[Black "Lugovskoy, Maxim"]
[Result "1-0"]
[BlackElo "2459"]
[WhiteElo "2239"]
[LiveChessVersion "1.4.8"]

1. Nf3 {[%clk 1:30:55]} d5 {[%clk 1:30:10]} 2. e3 {[%clk 1:31:17]} Nf6
{[%clk 1:25:29]} 3. b3 {[%clk 1:31:15]} c5 {[%clk 1:23:56]} 4. Bb5+
{[%clk 1:31:19]} Nc6 {[%clk 1:22:44]} 5. Bb2 {[%clk 1:30:52]} a6 {[%clk 1:19:23]}
6. Bxc6+ {[%clk 1:31:00]} bxc6 {[%clk 1:19:49]} 7. O-O {[%clk 1:30:38]} g6
{[%clk 1:16:12]} 8. Nc3 {[%clk 1:26:37]} a5 {[%clk 1:05:57]} 9. Na4
{[%clk 1:23:07]} c4 {[%clk 0:51:22]} 10. bxc4 {[%clk 1:09:18]} dxc4
{[%clk 0:48:39]} 11. Ne5 {[%clk 1:05:46]} Ba6 {[%clk 0:49:03]} 12. Qf3
{[%clk 1:03:30]} Qc7 {[%clk 0:39:11]} 13. Nc5 {[%clk 0:48:27]} Bg7
{[%clk 0:17:03]} 14. Nxa6 {[%clk 0:47:00]} Rxa6 {[%clk 0:17:30]} 15. Nxc4
{[%clk 0:47:16]} O-O {[%clk 0:17:47]} 16. Rab1 {[%clk 0:42:44]} Qd7
{[%clk 0:16:34]} 17. Bxf6 {[%clk 0:39:24]} Bxf6 {[%clk 0:16:54]} 18. Qe4
{[%clk 0:39:30]} Qd5 {[%clk 0:16:17]} 19. Qxd5 {[%clk 0:38:00]} cxd5
{[%clk 0:16:45]} 20. Nb6 {[%clk 0:37:54]} Rd8 {[%clk 0:16:55]} 21. Rb5
{[%clk 0:37:25]} e6 {[%clk 0:16:08]} 22. Rfb1 {[%clk 0:35:23]} a4
{[%clk 0:14:41]} 23. Kf1 {[%clk 0:32:33]} h5 {[%clk 0:10:34]} 24. Ke2
{[%clk 0:29:52]} Be5 {[%clk 0:08:15]} 25. c4 {[%clk 0:25:29]} Bxh2
{[%clk 0:08:41]} 26. cxd5 {[%clk 0:24:44]} exd5 {[%clk 0:08:20]} 27. Rxd5
{[%clk 0:22:49]} Rb8 {[%clk 0:07:05]} 28. Rdb5 {[%clk 0:23:12]} 1-0

[Event "Moscow Open 2018 F"]
[Site "?"]
[Date "2018.01.28"]
[Round "3.3"]
[White "Kezin, Roman"]
[Black "Thing, Bibek"]
[Result "0-1"]
[BlackElo "2252"]
[WhiteElo "2450"]
[LiveChessVersion "1.4.8"]

1. d4 {[%clk 1:28:32]} Nf6 {[%clk 1:28:03]} 2. c4 {[%clk 1:28:32]} e6
{[%clk 1:28:28]} 3. g3 {[%clk 1:28:59]} d5 {[%clk 1:28:51]} 4. Nf3
{[%clk 1:29:24]} dxc4 {[%clk 1:29:14]} 5. Bg2 {[%clk 1:29:50]} Bd7
{[%clk 1:28:45]} 6. Ne5 {[%clk 1:28:45]} Bc6 {[%clk 1:29:07]} 7. Nxc6
{[%clk 1:28:15]} Nxc6 8. O-O Qd7 {[%clk 1:28:59]} 9. e3 {[%clk 1:16:41]} Nd5
{[%clk 1:26:34]} 10. Qe2 {[%clk 1:11:33]} h5 {[%clk 1:19:13]} 11. Qxc4
{[%clk 1:11:36]} h4 {[%clk 1:18:40]} 12. a3 {[%clk 1:02:32]} f5 {[%clk 1:13:40]}
13. b4 {[%clk 1:01:03]} hxg3 {[%clk 1:12:59]} 14. hxg3 {[%clk 1:01:18]} Bd6
{[%clk 1:10:32]} 15. Nc3 {[%clk 0:41:17]} Nxc3 {[%clk 0:58:29]} 16. Qxc3
{[%clk 0:41:01]} O-O-O {[%clk 0:58:36]} 17. b5 {[%clk 0:20:47]} Ne7 18. a4
{[%clk 0:20:20]} Nd5 {[%clk 0:53:20]} 19. Qc4 {[%clk 0:07:57]} g5 20. a5 Qh7
{[%clk 0:41:14]} 21. Re1 {[%clk 0:08:54]} f4 {[%clk 0:40:50]} 22. exf4
{[%clk 0:06:35]} gxf4 {[%clk 0:35:39]} 23. Rxe6 {[%clk 0:03:11]} fxg3
{[%clk 0:35:50]} 24. Bg5 {[%clk 0:00:41]} Qf5 {[%clk 0:33:06]} 25. Rf1
{[%clk 0:00:33]} Qxe6 {[%clk 0:26:30]} 26. Bxd5 {[%clk 0:00:33]} gxf2+
{[%clk 0:25:15]} 27. Rxf2 {[%clk 0:00:57]} Qg4+ {[%clk 0:23:04]} 28. Rg2
{[%clk 0:00:58]} Qd1+ {[%clk 0:23:27]} 29. Kf2 {[%clk 0:01:20]} Rhf8+
{[%clk 0:22:23]} 30. Ke3 Rde8+ 31. Be6+ Kb8 32. Re2 Qg1+ 0-1

[Event "Moscow Open 2018 F"]
[Site "?"]
[Date "2018.01.28"]
[Round "3.4"]
[White "Antonov, Andrey P."]
[Black "Kozionov, Kirill"]
[Result "0-1"]
[BlackElo "2423"]
[WhiteElo "2176"]
[LiveChessVersion "1.4.8"]

1. e4 {[%clk 1:30:58]} c5 {[%clk 1:29:07]} 2. Nf3 {[%clk 1:31:23]} d6
{[%clk 1:28:37]} 3. d4 {[%clk 1:31:46]} cxd4 {[%clk 1:28:02]} 4. Qxd4
{[%clk 1:32:12]} a6 {[%clk 1:28:02]} 5. c4 {[%clk 1:32:37]} Nc6 {[%clk 1:28:11]}
6. Qd2 {[%clk 1:33:03]} g6 {[%clk 1:26:36]} 7. b3 {[%clk 1:33:27]} Bg7
{[%clk 1:25:34]} 8. Nc3 {[%clk 1:33:50]} Bg4 {[%clk 1:20:47]} 9. Be2
{[%clk 1:31:37]} Nf6 {[%clk 1:18:13]} 10. Bb2 {[%clk 1:31:56]} O-O
{[%clk 1:17:38]} 11. O-O {[%clk 1:29:29]} Nd7 {[%clk 1:08:07]} 12. Rad1
{[%clk 1:19:50]} Nc5 {[%clk 0:50:57]} 13. Ne1 {[%clk 1:15:03]} Bxe2
{[%clk 0:49:18]} 14. Qxe2 {[%clk 1:15:29]} Qa5 {[%clk 0:48:43]} 15. Rc1
{[%clk 1:09:01]} b5 {[%clk 0:43:33]} 16. Ba1 {[%clk 0:57:58]} b4 {[%clk 0:37:31]}
17. Nd5 {[%clk 0:57:44]} Nxb3 {[%clk 0:33:19]} 18. axb3 {[%clk 0:50:10]} Bxa1
{[%clk 0:33:43]} 19. Nd3 {[%clk 0:49:07]} Bd4 {[%clk 0:26:13]} 20. g4
{[%clk 0:47:42]} e6 {[%clk 0:25:58]} 21. Ne3 {[%clk 0:47:49]} Qb6
{[%clk 0:23:00]} 22. Kg2 {[%clk 0:45:51]} a5 {[%clk 0:22:20]} 23. Nb2
{[%clk 0:42:40]} Qb7 {[%clk 0:19:45]} 24. f4 {[%clk 0:41:54]} Bg7
{[%clk 0:17:18]} 25. f5 {[%clk 0:41:37]} Nd4 {[%clk 0:14:27]} 26. Qd3
{[%clk 0:41:33]} gxf5 {[%clk 0:13:33]} 27. gxf5 {[%clk 0:41:56]} Nxf5
{[%clk 0:11:24]} 28. Nbd1 {[%clk 0:40:59]} Nxe3+ {[%clk 0:10:27]} 29. Nxe3
{[%clk 0:41:25]} f5 {[%clk 0:10:28]} 30. Qxd6 {[%clk 0:40:34]} Qxe4+
{[%clk 0:10:49]} 31. Rf3 {[%clk 0:41:01]} Rad8 {[%clk 0:10:28]} 32. Qf4
{[%clk 0:40:31]} Rd2+ {[%clk 0:09:53]} 0-1

[Event "Moscow Open 2018 F"]
[Site "?"]
[Date "2018.01.28"]
[Round "3.5"]
[White "Mokshanov, Alexey"]
[Black "Oguzov, Shamil"]
[Result "1-0"]
[BlackElo "2220"]
[WhiteElo "2415"]
[LiveChessVersion "1.4.8"]

1. e4 {[%clk 1:30:57]} c5 {[%clk 1:26:04]} 2. Nf3 {[%clk 1:31:18]} e6
{[%clk 1:26:30]} 3. c3 {[%clk 1:31:44]} d5 {[%clk 1:26:55]} 4. e5
{[%clk 1:30:55]} Nc6 {[%clk 1:27:13]} 5. d4 {[%clk 1:31:21]} Qb6 {[%clk 1:27:19]}
6. a3 {[%clk 1:31:46]} c4 {[%clk 1:27:46]} 7. g3 {[%clk 1:31:45]} Bd7
{[%clk 1:27:31]} 8. Nbd2 {[%clk 1:31:09]} Na5 {[%clk 1:27:54]} 9. h4
{[%clk 1:31:13]} O-O-O {[%clk 1:27:14]} 10. h5 {[%clk 1:29:13]} Nh6
{[%clk 1:22:13]} 11. Bg2 {[%clk 1:23:50]} f6 {[%clk 1:19:40]} 12. Nf1
{[%clk 1:09:31]} Nf7 {[%clk 1:14:12]} 13. Qe2 {[%clk 1:08:07]} Nb3
{[%clk 1:03:24]} 14. Rb1 {[%clk 1:08:06]} fxe5 {[%clk 1:03:19]} 15. dxe5
{[%clk 1:04:53]} d4 {[%clk 0:57:13]} 16. N1d2 {[%clk 0:37:42]} d3
{[%clk 0:43:42]} 17. Qe4 {[%clk 0:34:29]} Qc6 {[%clk 0:29:47]} 18. Qxc4
{[%clk 0:28:18]} Nxd2 {[%clk 0:20:51]} 19. Nxd2 {[%clk 0:28:12]} Qxc4 20. Nxc4
{[%clk 0:28:41]} b5 {[%clk 0:18:55]} 21. Na5 {[%clk 0:28:19]} Kc7
{[%clk 0:05:27]} 22. Bf4 {[%clk 0:27:04]} Be7 {[%clk 0:02:54]} 23. Rd1
{[%clk 0:15:38]} g5 {[%clk 0:02:56]} 24. hxg6 {[%clk 0:15:59]} hxg6
{[%clk 0:03:25]} 25. O-O {[%clk 0:15:03]} g5 {[%clk 0:03:18]} 26. Be3
{[%clk 0:15:28]} Nxe5 {[%clk 0:03:23]} 27. Bd4 {[%clk 0:15:44]} Bf6
{[%clk 0:02:29]} 28. Rfe1 {[%clk 0:15:28]} Ng4 {[%clk 0:02:31]} 29. Bxf6
{[%clk 0:15:41]} Nxf6 {[%clk 0:02:58]} 30. Rxd3 {[%clk 0:16:01]} Bc8
{[%clk 0:02:19]} 31. Red1 {[%clk 0:15:37]} Rxd3 {[%clk 0:02:00]} 32. Rxd3
{[%clk 0:16:05]} Rd8 {[%clk 0:01:49]} 33. Rxd8 {[%clk 0:11:33]} Kxd8
{[%clk 0:02:15]} 34. Kf1 {[%clk 0:11:12]} Kc7 {[%clk 0:02:17]} 35. Ke2
{[%clk 0:11:29]} Kd6 {[%clk 0:01:48]} 36. b4 {[%clk 0:09:44]} e5 {[%clk 0:01:15]}
37. c4 {[%clk 0:09:28]} bxc4 {[%clk 0:01:44]} 38. Nxc4+ {[%clk 0:09:53]} Ke6
{[%clk 0:02:10]} 39. Na5 {[%clk 0:10:17]} Ba6+ {[%clk 0:02:05]} 40. Ke1
{[%clk 0:10:34]} Bb5 {[%clk 0:01:45]} 41. Bc6 {[%clk 0:10:15]} a6
{[%clk 0:01:31]} 42. Bf3 {[%clk 0:08:09]} e4 {[%clk 0:01:36]} 43. Be2
{[%clk 0:06:42]} Ke5 {[%clk 0:01:08]} 44. Nb3 {[%clk 0:06:27]} Nd5
{[%clk 0:01:30]} 45. Nc5 {[%clk 0:05:03]} Nc3 {[%clk 0:01:53]} 46. Bg4
{[%clk 0:05:30]} Kd5 {[%clk 0:01:45]} 47. Be6+ {[%clk 0:05:37]} Kd4
{[%clk 0:00:41]} 48. Bc8 {[%clk 0:05:39]} a5 {[%clk 0:00:32]} 49. Nb3+
{[%clk 0:05:59]} Kd3 {[%clk 0:00:32]} 50. bxa5 {[%clk 0:05:33]} Kc4
{[%clk 0:00:31]} 51. Be6+ Kd3 52. a6 {[%clk 0:05:51]} Bc6 {[%clk 0:00:58]} 53.
Na5 Ba8 54. Bc8 {[%clk 0:05:25]} Na4 {[%clk 0:00:54]} 55. Bb7 {[%clk 0:04:42]}
Nb6 {[%clk 0:01:24]} 56. Nc6 {[%clk 0:05:04]} e3 {[%clk 0:00:49]} 57. fxe3
{[%clk 0:05:28]} Kxe3 {[%clk 0:01:17]} 58. a4 {[%clk 0:05:51]} 1-0

[Event "Moscow Open 2018 F"]
[Site "?"]
[Date "2018.01.28"]
[Round "3.6"]
[White "Chernyavsky, Alexander"]
[Black "Velichko, Arseny"]
[Result "1-0"]
[BlackElo "2155"]
[WhiteElo "2326"]
[LiveChessVersion "1.4.8"]

1. d4 {[%clk 1:30:57]} d5 {[%clk 1:30:45]} 2. Nf3 {[%clk 1:31:22]} Nf6
{[%clk 1:31:02]} 3. e3 {[%clk 1:31:41]} c6 {[%clk 1:31:17]} 4. Bd3
{[%clk 1:31:37]} Bg4 {[%clk 1:30:51]} 5. b3 {[%clk 1:28:44]} e6 {[%clk 1:30:28]}
6. Bb2 {[%clk 1:28:59]} Nbd7 {[%clk 1:30:04]} 7. Nbd2 {[%clk 1:27:47]} Bd6
{[%clk 1:25:47]} 8. h3 {[%clk 1:18:04]} Bh5 {[%clk 1:23:43]} 9. c4
{[%clk 1:09:51]} Qc7 {[%clk 1:13:35]} 10. Qc2 {[%clk 1:05:33]} Bg6
{[%clk 1:00:11]} 11. Bxg6 {[%clk 0:59:56]} hxg6 {[%clk 0:59:50]} 12. O-O
{[%clk 0:56:39]} O-O {[%clk 0:57:51]} 13. e4 {[%clk 0:53:13]} Nxe4
{[%clk 0:57:58]} 14. Nxe4 {[%clk 0:53:37]} dxe4 {[%clk 0:58:25]} 15. Qxe4
{[%clk 0:53:04]} Rfe8 {[%clk 0:57:54]} 16. Rfe1 {[%clk 0:47:23]} Rad8
{[%clk 0:53:53]} 17. Rad1 {[%clk 0:39:35]} Qb8 {[%clk 0:45:32]} 18. g3
{[%clk 0:36:38]} a5 {[%clk 0:39:50]} 19. Kg2 {[%clk 0:34:34]} a4 {[%clk 0:37:32]}
20. h4 {[%clk 0:32:57]} Rc8 {[%clk 0:27:01]} 21. Ng5 {[%clk 0:29:34]} Nf6
{[%clk 0:18:15]} 22. Qf3 {[%clk 0:29:06]} b5 {[%clk 0:14:29]} 23. d5
{[%clk 0:27:15]} e5 {[%clk 0:12:40]} 24. c5 {[%clk 0:25:46]} Bxc5
{[%clk 0:10:10]} 25. dxc6 {[%clk 0:25:49]} Qc7 {[%clk 0:03:24]} 26. Rd7
{[%clk 0:23:46]} Qxc6 {[%clk 0:03:38]} 27. Qxc6 {[%clk 0:24:02]} Rxc6
{[%clk 0:03:57]} 28. Rxf7 {[%clk 0:23:40]} Ng4 {[%clk 0:02:04]} 29. Re4
{[%clk 0:20:55]} Rf6 {[%clk 0:00:36]} 30. Rxf6 {[%clk 0:20:30]} gxf6 31. Rxg4 f5
32. Ne4 fxe4 33. Rxe4 Rd8 34. Rxe5 a3 35. Bc3 Rc8 36. Re6 Kh7 37. Bf6 Bf8 38. Kf3
Rc2 39. Re2 Rc6 40. Bd4 Kg8 41. Ke4 Rc1 42. f4 Rb1 43. Kf3 Kf7 44. Rc2 Ke6 45.
Be5 Be7 46. Kg4 Kd5 47. Rc7 Bc5 48. h5 gxh5+ 49. Kxh5 Rh1+ 50. Kg5 Rh2 51. Rd7+
Ke4 52. b4 Be3 53. Rb7 Rxa2 54. Rxb5 Rg2 55. g4 Kf3 56. Ra5 Rxg4+ 57. Kf5 Bc1 58.
b5 Rg8 59. b6 Rf8+ 60. Ke6 Bxf4 61. Rxa3+ Kg4 62. Bxf4 1-0

[Event "Moscow Open 2018 F"]
[Site "?"]
[Date "2018.01.28"]
[Round "3.7"]
[White "Ivlev, Aleksey"]
[Black "Orekhovsky, Vasily"]
[Result "1-0"]
[BlackElo "2150"]
[WhiteElo "2300"]
[LiveChessVersion "1.4.8"]

1. d4 {[%clk 1:30:35]} Nf6 {[%clk 1:30:54]} 2. c4 {[%clk 1:30:33]} e6
{[%clk 1:31:13]} 3. Nf3 {[%clk 1:30:57]} d5 {[%clk 1:28:21]} 4. g3
{[%clk 1:31:20]} Nbd7 {[%clk 1:21:16]} 5. Nbd2 {[%clk 1:30:08]} c6
{[%clk 1:10:12]} 6. Bg2 {[%clk 1:30:14]} Bd6 {[%clk 1:10:11]} 7. O-O
{[%clk 1:30:31]} O-O {[%clk 1:10:24]} 8. Qc2 {[%clk 1:30:36]} Re8
{[%clk 1:05:34]} 9. Rd1 {[%clk 1:29:10]} Qe7 {[%clk 0:54:14]} 10. e4
{[%clk 1:09:26]} dxe4 {[%clk 0:53:19]} 11. Ng5 {[%clk 1:07:45]} e5
{[%clk 0:46:59]} 12. Ndxe4 {[%clk 0:59:09]} exd4 {[%clk 0:46:45]} 13. Nxd6
{[%clk 0:56:43]} Qxd6 {[%clk 0:47:07]} 14. Bf4 {[%clk 0:56:59]} Qc5
{[%clk 0:38:06]} 15. Re1 {[%clk 0:50:16]} Nf8 {[%clk 0:30:16]} 16. Rxe8
{[%clk 0:48:20]} Nxe8 {[%clk 0:30:44]} 17. Re1 {[%clk 0:48:32]} Bf5
{[%clk 0:30:30]} 18. Qb3 {[%clk 0:48:32]} Qb6 {[%clk 0:20:00]} 19. Qa3
{[%clk 0:48:34]} h6 {[%clk 0:17:20]} 20. Ne4 {[%clk 0:44:33]} Ng6
{[%clk 0:13:44]} 21. Bd2 {[%clk 0:44:44]} Qd8 {[%clk 0:09:09]} 22. Nc5
{[%clk 0:38:15]} Nd6 {[%clk 0:09:21]} 23. Qb3 {[%clk 0:38:34]} Qb6
{[%clk 0:06:13]} 24. Bf1 {[%clk 0:37:15]} Qxc5 {[%clk 0:01:56]} 25. Bb4
{[%clk 0:37:44]} Qb6 {[%clk 0:02:22]} 26. c5 {[%clk 0:38:07]} Qd8
{[%clk 0:02:38]} 27. cxd6 {[%clk 0:38:30]} b6 {[%clk 0:02:24]} 28. Bc4
{[%clk 0:37:35]} Qd7 {[%clk 0:01:50]} 29. h4 {[%clk 0:36:12]} h5 {[%clk 0:01:28]}
30. Qf3 {[%clk 0:36:33]} Bg4 {[%clk 0:01:29]} 31. Qe4 {[%clk 0:36:46]} Rd8
{[%clk 0:01:15]} 32. Qxg6 {[%clk 0:37:10]} b5 {[%clk 0:00:34]} 33. Re7
{[%clk 0:37:28]} Be6 {[%clk 0:00:36]} 34. Rxd7 {[%clk 0:37:32]} 1-0

[Event "Moscow Open 2018 F"]
[Site "?"]
[Date "2018.01.28"]
[Round "3.8"]
[White "Styazhkina, Anna"]
[Black "Klimov, Ivan"]
[Result "0-1"]
[BlackElo "2104"]
[WhiteElo "2283"]
[LiveChessVersion "1.4.8"]

1. e4 {[%clk 1:21:12]} d6 {[%clk 1:30:52]} 2. d4 {[%clk 1:21:22]} e5
{[%clk 1:30:49]} 3. Nf3 {[%clk 1:21:28]} Nc6 {[%clk 1:31:10]} 4. Bb5
{[%clk 1:21:41]} Bd7 {[%clk 1:31:30]} 5. c3 {[%clk 1:22:00]} Nf6 {[%clk 1:31:51]}
6. Nbd2 {[%clk 1:21:47]} Be7 {[%clk 1:31:47]} 7. O-O {[%clk 1:21:53]} O-O
{[%clk 1:32:06]} 8. Re1 {[%clk 1:21:58]} Re8 {[%clk 1:30:47]} 9. Nf1
{[%clk 1:20:52]} a6 {[%clk 1:29:22]} 10. Ba4 {[%clk 1:21:02]} exd4
{[%clk 1:21:08]} 11. cxd4 {[%clk 1:21:06]} d5 {[%clk 1:19:56]} 12. e5
{[%clk 1:19:27]} Ne4 {[%clk 1:20:16]} 13. Ne3 {[%clk 1:15:14]} Be6
{[%clk 1:17:33]} 14. h3 {[%clk 1:14:05]} b5 {[%clk 1:12:17]} 15. Bc2
{[%clk 1:13:15]} Nb4 {[%clk 1:11:20]} 16. Bb1 {[%clk 1:04:08]} c5
{[%clk 1:09:12]} 17. dxc5 {[%clk 1:04:23]} Bxc5 {[%clk 1:08:53]} 18. a3
{[%clk 1:04:45]} Nc6 {[%clk 1:08:16]} 19. b4 {[%clk 1:04:45]} Bb6
{[%clk 1:04:45]} 20. Bb2 {[%clk 1:04:33]} Qd7 {[%clk 0:59:26]} 21. Nd2
{[%clk 0:52:42]} Nxd2 {[%clk 0:54:11]} 22. Qxd2 {[%clk 0:53:09]} d4
{[%clk 0:54:21]} 23. Nf1 {[%clk 0:52:10]} Bc4 {[%clk 0:52:32]} 24. f4
{[%clk 0:51:17]} f6 {[%clk 0:47:26]} 25. exf6 {[%clk 0:50:06]} d3+
{[%clk 0:42:48]} 26. Kh1 {[%clk 0:49:40]} Rxe1 {[%clk 0:38:22]} 27. Qxe1
{[%clk 0:49:24]} Re8 {[%clk 0:36:06]} 28. Qg3 {[%clk 0:39:32]} Re2
{[%clk 0:35:40]} 29. Bxd3 {[%clk 0:31:56]} Rxb2 {[%clk 0:28:43]} 30. Rd1
{[%clk 0:28:40]} Bxd3 {[%clk 0:22:45]} 31. Rxd3 {[%clk 0:29:03]} Nd4
{[%clk 0:23:00]} 32. Ne3 {[%clk 0:25:33]} Nf5 {[%clk 0:17:55]} 33. Rxd7
{[%clk 0:24:52]} Nxg3+ {[%clk 0:18:10]} 34. Kh2 {[%clk 0:25:10]} Nh5 35. f7+
{[%clk 0:17:16]} Kf8 {[%clk 0:14:26]} 36. Nf5 {[%clk 0:15:20]} Nxf4
{[%clk 0:09:35]} 37. Rb7 {[%clk 0:14:43]} Nd5 {[%clk 0:09:07]} 38. Rd7
{[%clk 0:11:38]} g6 {[%clk 0:05:41]} 39. Nh6 {[%clk 0:10:34]} Nf6
{[%clk 0:04:23]} 40. Rb7 {[%clk 0:09:45]} Bd8 {[%clk 0:04:51]} 41. Kg1
{[%clk 0:09:48]} Rd2 {[%clk 0:04:45]} 42. g4 {[%clk 0:09:59]} Be7
{[%clk 0:04:32]} 43. g5 {[%clk 0:09:18]} Ne4 {[%clk 0:04:39]} 44. h4
{[%clk 0:08:38]} Rd8 {[%clk 0:03:57]} 45. Ra7 {[%clk 0:07:24]} Nd6
{[%clk 0:04:12]} 46. Ng8 {[%clk 0:04:59]} Nc8 {[%clk 0:04:25]} 47. Rxa6
{[%clk 0:04:56]} Kxf7 {[%clk 0:04:40]} 48. Nxe7 {[%clk 0:05:04]} Kxe7
{[%clk 0:04:55]} 49. Kg2 {[%clk 0:04:17]} Rd7 {[%clk 0:03:50]} 50. Kg3
{[%clk 0:03:52]} Ra7 {[%clk 0:04:06]} 51. Rc6 {[%clk 0:04:07]} Rxa3+
{[%clk 0:04:15]} 52. Kg4 {[%clk 0:04:32]} Kd7 {[%clk 0:04:25]} 53. Rf6
{[%clk 0:04:17]} Nd6 {[%clk 0:04:54]} 54. h5 {[%clk 0:04:38]} gxh5+
{[%clk 0:04:52]} 55. Kxh5 {[%clk 0:05:06]} Rh3+ {[%clk 0:04:59]} 56. Kg4
{[%clk 0:05:34]} Rb3 {[%clk 0:04:48]} 57. Rf4 {[%clk 0:05:11]} Rc3
{[%clk 0:05:00]} 0-1

[Event "Moscow Open 2018 F"]
[Site "?"]
[Date "2018.01.28"]
[Round "3.9"]
[White "Arutyunova, Asya"]
[Black "Derevianchenko, Ilia"]
[Result "0-1"]
[BlackElo "2282"]
[WhiteElo "2115"]
[LiveChessVersion "1.4.8"]

1. Nf3 {[%clk 1:30:58]} g6 {[%clk 1:24:52]} 2. g3 {[%clk 1:31:18]} Bg7
{[%clk 1:25:14]} 3. Bg2 {[%clk 1:29:29]} e5 {[%clk 1:25:32]} 4. d3
{[%clk 1:29:50]} Nc6 {[%clk 1:25:09]} 5. e4 {[%clk 1:29:58]} Nge7
{[%clk 1:24:31]} 6. O-O {[%clk 1:30:08]} d5 {[%clk 1:23:25]} 7. c3
{[%clk 1:28:50]} O-O {[%clk 1:23:44]} 8. Nh4 {[%clk 1:24:48]} dxe4
{[%clk 1:10:38]} 9. dxe4 {[%clk 1:25:04]} Qxd1 {[%clk 1:11:03]} 10. Rxd1
{[%clk 1:25:31]} Bg4 {[%clk 1:11:26]} 11. Re1 {[%clk 1:25:27]} a5
{[%clk 1:11:36]} 12. Na3 {[%clk 1:24:51]} Rfd8 {[%clk 1:04:52]} 13. Be3
{[%clk 1:22:27]} Nc8 {[%clk 1:03:14]} 14. h3 {[%clk 1:21:23]} Be6
{[%clk 1:03:35]} 15. Nb5 {[%clk 1:21:44]} Rd7 {[%clk 1:03:01]} 16. Red1
{[%clk 1:21:42]} Rxd1+ 17. Rxd1 {[%clk 1:22:10]} Bxa2 {[%clk 1:02:12]} 18. Ra1
{[%clk 1:22:30]} Bb3 {[%clk 1:00:25]} 19. Nxc7 {[%clk 1:22:44]} Rb8
{[%clk 1:00:54]} 20. Nf3 {[%clk 1:20:35]} Nd6 {[%clk 0:44:30]} 21. Nd2
{[%clk 1:18:13]} Bc2 {[%clk 0:42:43]} 22. Bb6 {[%clk 1:17:23]} Bh6
{[%clk 0:41:42]} 23. Nd5 {[%clk 1:12:37]} Bxd2 {[%clk 0:30:11]} 24. Bc7
{[%clk 1:13:05]} Nc4 {[%clk 0:24:42]} 25. Bxb8 {[%clk 1:13:29]} Nxb8
{[%clk 0:25:08]} 26. Bf1 {[%clk 1:13:46]} b5 {[%clk 0:15:29]} 27. Bxc4
{[%clk 1:14:09]} bxc4 {[%clk 0:15:30]} 28. Rxa5 {[%clk 1:14:29]} Nd7
{[%clk 0:09:49]} 29. Ra7 {[%clk 1:12:07]} Nc5 {[%clk 0:07:13]} 30. Rc7
{[%clk 1:11:13]} Nxe4 {[%clk 0:07:27]} 31. Rxc4 {[%clk 1:11:32]} f5
{[%clk 0:07:52]} 32. Rc7 {[%clk 1:02:15]} Be1 {[%clk 0:05:27]} 33. f3
{[%clk 1:02:31]} Nxg3 {[%clk 0:05:11]} 34. Nf6+ {[%clk 1:02:07]} Kf8
{[%clk 0:05:36]} 35. Rd7 {[%clk 0:44:20]} Nh5 {[%clk 0:03:30]} 36. Nxh5
{[%clk 0:42:51]} gxh5 {[%clk 0:03:58]} 37. Kf1 {[%clk 0:41:51]} Bg3
{[%clk 0:04:05]} 38. b4 {[%clk 0:42:00]} Ba4 {[%clk 0:02:44]} 39. Rc7
{[%clk 0:42:06]} Bd1 {[%clk 0:01:00]} 40. Kg2 {[%clk 1:04:16]} h4
{[%clk 0:31:30]} 41. Rd7 {[%clk 1:04:19]} Be2 {[%clk 0:31:41]} 42. Rd5 Ke7 43. b5
Ke6 44. Rc5 e4 45. fxe4 fxe4 46. Rc6+ Ke7 47. Kg1 Bxb5 48. Rh6 e3 49. Rxh7+ Kf8
0-1

[Event "Moscow Open 2018 F"]
[Site "?"]
[Date "2018.01.28"]
[Round "3.10"]
[White "Orshonova, Elena"]
[Black "Borisenko, Viacheslav"]
[Result "0-1"]
[BlackElo "2330"]
[WhiteElo "2047"]
[LiveChessVersion "1.4.8"]

1. d4 Nc6 {[%clk 1:16:46]} 2. Nf3 {[%clk 1:31:03]} d6 {[%clk 1:16:15]} 3. g3
{[%clk 1:27:04]} g6 {[%clk 1:16:36]} 4. Bg2 {[%clk 1:27:29]} Bg7 {[%clk 1:17:02]}
5. O-O {[%clk 1:27:46]} Nf6 {[%clk 1:16:17]} 6. c4 {[%clk 1:23:46]} Bg4
{[%clk 1:15:36]} 7. h3 {[%clk 1:24:04]} Bxf3 {[%clk 1:14:55]} 8. Bxf3
{[%clk 1:24:28]} Nd7 {[%clk 1:14:33]} 9. e3 {[%clk 1:24:19]} e5 {[%clk 1:14:46]}
10. d5 {[%clk 1:21:08]} Ne7 {[%clk 1:15:05]} 11. Nc3 {[%clk 1:19:58]} O-O
{[%clk 1:13:46]} 12. Bg2 {[%clk 1:20:08]} f5 {[%clk 1:14:09]} 13. f4
{[%clk 1:17:35]} e4 {[%clk 1:11:57]} 14. Ne2 {[%clk 1:16:48]} c5 {[%clk 1:11:35]}
15. a4 {[%clk 1:14:34]} a6 {[%clk 1:09:48]} 16. a5 {[%clk 1:12:53]} b5
{[%clk 1:10:04]} 17. axb6 {[%clk 1:12:57]} Qxb6 {[%clk 1:09:50]} 18. Qa4
{[%clk 1:07:48]} Ra7 {[%clk 1:09:27]} 19. Ra2 {[%clk 1:06:19]} Rb8
{[%clk 1:07:54]} 20. Bd2 {[%clk 1:01:15]} Qb3 {[%clk 1:07:39]} 21. Nc3
{[%clk 0:57:44]} Bxc3 {[%clk 1:06:17]} 22. Qxb3 {[%clk 0:54:39]} Rxb3
{[%clk 1:06:39]} 23. Bxc3 {[%clk 0:54:28]} Nb6 {[%clk 1:06:56]} 24. Rfa1
{[%clk 0:52:12]} Nxc4 {[%clk 1:06:52]} 25. Kf2 {[%clk 0:42:54]} Nxd5
{[%clk 1:06:27]} 26. Bf1 {[%clk 0:42:52]} Ndxe3 {[%clk 1:03:37]} 27. Re1
{[%clk 0:37:01]} Nxf1 {[%clk 1:03:29]} 0-1